书目信息 |
| 题名: |
高尔基文集
|
|
| 作者: | 高尔基 著 | |
| 分册: | 第三卷 短篇小说 特写 速写 | |
| 出版信息: | 北京 人民文学出版社 1982.7 |
|
| 页数: | 470页 | |
| 开本: | 20cm | |
| 丛书名: | ||
| 单 册: | ||
| 中图分类: | I512.11 | |
| 科图分类: | ||
| 主题词: | 文学 | |
| 电子资源: | ||
| ISBN: | ||
| 000 | 00685nam0 2200229 45 | |
| 001 | 0181021449 | |
| 005 | 20060804155229.37 | |
| 010 | @dCNY1.35 | |
| 091 | @a10019.3339 | |
| 100 | @a20810111d km y0chiy0120 ea | |
| 101 | 0 | @achi |
| 105 | @ac z 000ay | |
| 200 | 1 | @AGao Er Ji Wen Ji@a高尔基文集@h第三卷@i短篇小说 特写 速写@FGao Er Ji Zhu@f高尔基著@e1897-1900 |
| 210 | @a北京@c人民文学出版社@d1982.7 | |
| 215 | @a470页@c肖像@d20cm | |
| 517 | @a短篇小说 特写 速写@ADuan Pian Xiao Shuo Te Xie Su Xie | |
| 517 | @a1897-1900 | |
| 606 | 0 | @a文学 |
| 690 | @aI512.11@v3 | |
| 701 | 0 | @a高尔基@4著 |
| 801 | @aCN@bTSTC@c20060804 | |
| 905 | @dI512.11@e28:3@f3@b83042-044@f5@b83046-050 | |
| 高尔基文集.第三卷.短篇小说 特写 速写/高尔基著:1897-1900.-北京:人民文学出版社,1982.7 |
| 470页:肖像;20cm |
| ISBN :CNY1.35 |
| ● |
| 相关链接 |
|
|
|
|
正题名:高尔基文集
索取号:I512.11/28:3
 
预约/预借
| 序号 | 登录号 | 条形码 | 馆藏地/架位号 | 状态 | 备注 |
| 1 | 0083042 | 001799076 | 密集书库/ [索取号:I512.11/28:3] | 在馆 | |
| 2 | 0083043 | 001799110 | 密集书库/ [索取号:I512.11/28:3] | 在馆 | |
| 3 | 0083044 | 001799156 | 密集书库/ [索取号:I512.11/28:3] | 在馆 | |
| 4 | 0083046 | 001799085 | 密集书库/ [索取号:I512.11/28:3] | 在馆 | |
| 5 | 0083047 | 001799183 | 密集书库/ [索取号:I512.11/28:3] | 在馆 | |
| 6 | 0083048 | 001799030 | 密集书库/ [索取号:I512.11/28:3] | 在馆 | |
| 7 | 0083049 | 001799147 | 密集书库/ [索取号:I512.11/28:3] | 在馆 | |
| 8 | 0083050 | 001799174 | 密集书库/ [索取号:I512.11/28:3] | 在馆 |